Statistics for Random History Questions # 2

Click here to take the quiz!

General Stats

  • This quiz has been taken 31 times
  • The average score is 5 of 8

Answer Stats

QuestionsAnswer% Correct
Which country financed Christopher Columbus’ 1492 exploration?Spain
84%
Hitler became the essential dictator of Germany in which decade?1930s
76%
What U.S president ran for office unopposed George washington
72%
A Boeing 777 is equipped with how many engines?2
68%
Which event did US President Franklin D. Roosevelt call, “A day that will live in infamy”?pearl harbor
64%
What was the treaty that ended WWITreaty of Versailles
56%
What war during the 1930s greatly influenced the development of military tactics that were used in WWII?Spanish civil war
48%
Two South American countries that do not touch the sea?Bolivia, Paraguay
4%

Score Distribution

Percentile by Number Answered

Percent of People with Each Score

Your Score History

You have not taken this quiz